[Event "Vaujany op 6th"]
[Site "Vaujany"]
[Date "2015.07.09"]
[Round "1"]
[White "Olivier, Jean Christophe"]
[Black "Bianchi, Tobias"]
[Result "1-0"]
[WhiteElo "2348"]
[BlackElo "1886"]
[PlyCount "79"]
[EventDate "2015.07.09"]
[EventType "swiss"]
[EventRounds "9"]
[EventCountry "FRA"]
[SourceTitle "OM OTB B 201907"]
[Source "Opening Master"]
[SourceDate "2019.07.06"]
[SourceVersion "2"]
[SourceVersionDate "2019.07.06"]
[SourceQuality "1"]

1. e4 c5 2. Nf3 Nc6 3. d4 cxd4 4. Nxd4 Nf6 5. Nc3 d6 6. Be2 e5 7. Nf3 h6 8. O-O
Be7 9. Re1 O-O 10. Bf1 Bg4 11. h3 Bh5 12. g4 Bg6 13. Nh4 Bxe4 14. Nxe4 Nxe4 15.
Nf5 d5 16. Nxe7+ Nxe7 17. c4 Qb6 18. Qe2 Ng6 19. cxd5 Ng3 20. Qe3 Nxf1 21. Qxb6
axb6 22. Kxf1 Rfd8 23. Rd1 Rd6 24. Be3 Ra5 25. b4 Raxd5 26. Rxd5 Rxd5 27. Bxb6
Nf4 28. a4 Rd3 29. Be3 Nd5 30. b5 Nxe3+ 31. Ke2 Rb3 32. fxe3 Kf8 33. Kd2 b6 34.
Kc2 Rxe3 35. a5 bxa5 36. b6 Re2+ 37. Kc3 Re3+ 38. Kc4 Re4+ 39. Kc5 Ke7 40. Rb1
1-0

[Event "Kiryat Ono op 6th"]
[Site "Kiryat Ono"]
[Date "2015.07.08"]
[Round "4"]
[White "Kali, Omer"]
[Black "Tifferet, Shaked"]
[Result "1/2-1/2"]
[WhiteElo "2255"]
[BlackElo "2061"]
[PlyCount "28"]
[EventDate "2015.07.05"]
[EventType "swiss"]
[EventRounds "5"]
[EventCountry "ISR"]
[SourceTitle "OM OTB B 201907"]
[Source "Opening Master"]
[SourceDate "2019.07.06"]
[SourceVersion "2"]
[SourceVersionDate "2019.07.06"]
[SourceQuality "1"]

1. e4 c5 2. Nf3 d6 3. d4 cxd4 4. Nxd4 Nf6 5. Nc3 Nc6 6. Be2 e5 7. Nf3 h6 8. O-O
Be7 9. h3 O-O 10. Re1 Be6 11. Bf1 Qa5 12. Bd2 Qd8 13. Bc1 Qa5 14. Bd2 Qd8
1/2-1/2

[Event "Lazy op 11th"]
[Site "Lazy"]
[Date "2015.07.05"]
[Round "7"]
[White "Karpus, Michal"]
[Black "Shishkin, Vadim"]
[Result "0-1"]
[WhiteElo "2114"]
[BlackElo "2507"]
[PlyCount "74"]
[EventDate "2015.06.28"]
[EventType "swiss"]
[EventRounds "9"]
[EventCountry "POL"]
[SourceTitle "OM OTB B 201907"]
[Source "Opening Master"]
[SourceDate "2019.07.06"]
[SourceVersion "2"]
[SourceVersionDate "2019.07.06"]
[SourceQuality "1"]

1. e4 c5 2. Nf3 Nc6 3. d4 cxd4 4. Nxd4 Nf6 5. Nc3 d6 6. Be2 e5 7. Nf3 h6 8. O-O
Be7 9. Re1 O-O 10. h3 Be6 11. Bf1 Nb8 12. a4 a6 13. Nd5 Nxd5 14. exd5 Bf5 15.
a5 Nd7 16. b4 Bg6 17. c4 e4 18. Nd4 Ne5 19. Be3 Bf6 20. Rc1 Re8 21. Nb3 Nd3 22.
Bxd3 exd3 23. Qd2 Rc8 24. Qa2 Be5 25. c5 Qf6 26. Rc4 dxc5 27. bxc5 Red8 28. f4
Bc3 29. Rc1 Bb2 30. Bd4 Bxd4+ 31. Rxd4 Re8 32. Qa4 Re2 33. Kh2 Bf5 34. Rf1 Qg6
35. Rg1 Qh5 36. Kg3 Re3+ 37. Kf2 Qe2# 0-1

[Event "SRB Central-ch op-A 8th"]
[Site "Paracin"]
[Date "2015.07.04"]
[Round "2"]
[White "Somborski, Nebojsa"]
[Black "Jovanovic, Sasa T"]
[Result "1/2-1/2"]
[WhiteElo "2325"]
[BlackElo "2211"]
[PlyCount "59"]
[EventDate "2015.07.03"]
[EventType "swiss"]
[EventRounds "9"]
[EventCountry "SRB"]
[SourceTitle "OM OTB B 201907"]
[Source "Opening Master"]
[SourceDate "2019.07.06"]
[SourceVersion "2"]
[SourceVersionDate "2019.07.06"]
[SourceQuality "1"]

1. e4 c5 2. Nf3 d6 3. d4 cxd4 4. Nxd4 Nf6 5. Nc3 Nc6 6. Be2 e5 7. Nf3 h6 8. O-O
Be7 9. Re1 O-O 10. b3 Be6 11. Bb2 Qa5 12. Bf1 Rfc8 13. h3 Bf8 14. a3 Ne7 15.
Nb5 Qb6 16. c4 Ng6 17. a4 a6 18. a5 Qd8 19. Nc3 b6 20. axb6 Qxb6 21. Re3 Nf4
22. Bc1 Qb7 23. Kh2 Bd7 24. g3 Ne6 25. Bg2 Nc5 26. Rb1 a5 27. Ba3 Qa6 28. Nd2
Rab8 29. Bf1 Qa8 30. Bg2 1/2-1/2

[Event "FICS rated standard game"]
[Site "FICS freechess.org"]
[Date "2015.07.04"]
[Round "?"]
[White "villotaurinoff"]
[Black "AnderssenA"]
[Result "1-0"]
[WhiteElo "2143"]
[BlackElo "2247"]
[PlyCount "55"]
[EventDate "2015.??.??"]

1. e4 c5 2. Nf3 Nc6 3. d4 cxd4 4. Nxd4 Nf6 5. Nc3 d6 6. Be2 e5 7. Nf3 h6 8. Be3
Be6 9. O-O Qd7 10. Qd2 g5 11. Rad1 g4 12. Nh4 O-O-O 13. b4 Nxb4 14. Bxa7 Qc6
15. Nb5 Bc4 16. Bxc4 Qxc4 17. Na3 Qa6 18. Qxb4 Qxa7 19. Qc4+ Kb8 20. Qxf7 Nxe4
21. Ng6 Qxa3 22. Nxh8 Nc3 23. Rd3 d5 24. Ng6 e4 25. Rxc3 Qxc3 26. Nxf8 Ka7 27.
Qe7 Rc8 28. Nd7 1-0

[Event "SRB Central-ch op-A 8th"]
[Site "Paracin"]
[Date "2015.07.03"]
[Round "1"]
[White "Vasova, Mariya"]
[Black "Strugnell, Carl"]
[Result "0-1"]
[WhiteElo "2022"]
[BlackElo "2275"]
[PlyCount "62"]
[EventDate "2015.07.03"]
[EventType "swiss"]
[EventRounds "9"]
[EventCountry "SRB"]
[SourceTitle "OM OTB B 201907"]
[Source "Opening Master"]
[SourceDate "2019.07.06"]
[SourceVersion "2"]
[SourceVersionDate "2019.07.06"]
[SourceQuality "1"]

1. e4 c5 2. Nf3 d6 3. d4 cxd4 4. Nxd4 Nf6 5. Nc3 Nc6 6. Be2 e5 7. Nb3 Be7 8.
Be3 O-O 9. O-O a5 10. Bf3 a4 11. Nd2 a3 12. b3 Nb4 13. Nc4 Be6 14. Nb6 Ra6 15.
Nca4 d5 16. Be2 Ra5 17. c3 Nxe4 18. cxb4 Bxb4 19. Qc2 Nd6 20. Bd2 Qh4 21. g3
Qd4 22. Rad1 Bf5 23. Bxb4 Qxb4 24. Qd2 Qxd2 25. Rxd2 d4 26. Rc1 Rd8 27. Rdd1
Be4 28. Rc5 Rxc5 29. Nxc5 Bg6 30. f3 Kf8 31. Kf2 Ke7 0-1

[Event "San Sebastian Gros op 25th"]
[Site "San Sebastian"]
[Date "2015.07.02"]
[Round "8"]
[White "Abalia Patino, Aritz"]
[Black "Marchena Hurtado, Javier"]
[Result "0-1"]
[WhiteElo "1979"]
[BlackElo "2294"]
[PlyCount "72"]
[EventDate "2015.06.26"]
[EventType "swiss"]
[EventRounds "9"]
[EventCountry "ESP"]
[SourceTitle "OM OTB B 201907"]
[Source "Opening Master"]
[SourceDate "2019.07.06"]
[SourceVersion "2"]
[SourceVersionDate "2019.07.06"]
[SourceQuality "1"]

1. e4 c5 2. Nf3 Nc6 3. d4 cxd4 4. Nxd4 Nf6 5. Nc3 d6 6. Be2 e5 7. Nb3 Be7 8.
O-O O-O 9. Be3 a5 10. f4 a4 11. Nd2 exf4 12. Rxf4 a3 13. b3 Qa5 14. Nb5 d5 15.
e5 Ng4 16. Bxg4 Bxg4 17. Qxg4 Qxb5 18. e6 fxe6 19. Qxe6+ Kh8 20. Raf1 Qe2 21.
R1f2 Qe1+ 22. Nf1 Rxf4 23. Rxf4 d4 24. Qd7 dxe3 25. Qxb7 Rf8 26. Rxf8+ Bxf8 27.
Qf7 Qf2+ 28. Qxf2 exf2+ 29. Kxf2 Nb4 30. Nd2 Nxa2 31. Nb1 Nc1 32. Nxa3 Bxa3 33.
Ke3 Kg8 34. Kd4 Kf7 35. Kd5 Ke7 36. Kc4 Bd6 0-1

[Event "Lazy op 11th"]
[Site "Lazy"]
[Date "2015.07.01"]
[Round "4"]
[White "Lewicki, Miroslaw"]
[Black "Lewtak, Damian"]
[Result "0-1"]
[WhiteElo "2224"]
[BlackElo "2325"]
[PlyCount "44"]
[EventDate "2015.06.28"]
[EventType "swiss"]
[EventRounds "9"]
[EventCountry "POL"]
[SourceTitle "OM OTB B 201907"]
[Source "Opening Master"]
[SourceDate "2019.07.06"]
[SourceVersion "2"]
[SourceVersionDate "2019.07.06"]
[SourceQuality "1"]

1. e4 c5 2. Nf3 d6 3. d4 cxd4 4. Nxd4 Nf6 5. Nc3 Nc6 6. Be2 e5 7. Nb3 Be7 8.
O-O O-O 9. f4 a5 10. a4 Nb4 11. Bf3 Be6 12. f5 Bc4 13. Be2 Qc7 14. Be3 d5 15.
exd5 Nfxd5 16. Nxd5 Nxd5 17. Bf2 Rfd8 18. Bxc4 Qxc4 19. Qd3 Qxd3 20. cxd3 Nf4
21. Bb6 Rxd3 22. Nxa5 Nd5 0-1

[Event "Maribor Pirc Memorial op 19th"]
[Site "Maribor"]
[Date "2015.06.29"]
[Round "6"]
[White "Der Manuelian, Haik O"]
[Black "Mencinger, Vojko"]
[Result "0-1"]
[WhiteElo "2161"]
[BlackElo "2372"]
[PlyCount "70"]
[EventDate "2015.06.25"]
[EventType "swiss"]
[EventRounds "9"]
[EventCountry "SLO"]
[SourceTitle "OM OTB B 201907"]
[Source "Opening Master"]
[SourceDate "2019.07.06"]
[SourceVersion "2"]
[SourceVersionDate "2019.07.06"]
[SourceQuality "1"]

1. e4 c5 2. Nf3 Nc6 3. d4 cxd4 4. Nxd4 Nf6 5. Nc3 d6 6. Be2 e5 7. Nb3 h6 8. Be3
Be7 9. Qd2 Be6 10. O-O-O a5 11. a4 O-O 12. Kb1 Rc8 13. h3 Nb4 14. Bf3 Nd7 15.
Bg4 Rc6 16. Na1 Qb8 17. Nd5 Re8 18. Qe2 Bf8 19. Qb5 Qc8 20. Qxa5 Na6 21. Be2
Nac5 22. Bb5 Nxe4 23. Bxc6 Qxc6 24. Qb5 Ra8 25. Nb4 Qxb5 26. axb5 Ra5 27. Nd5
Rxb5 28. c4 Ra5 29. Nc2 b5 30. b4 Ra4 31. Kb2 bxc4 32. Nc3 Nxc3 33. Kxc3 d5 34.
Ra1 Bxb4+ 35. Nxb4 d4+ 0-1

[Event "Lazy op 11th"]
[Site "Lazy"]
[Date "2015.06.29"]
[Round "2"]
[White "Karpus, Michal"]
[Black "Lewtak, Damian"]
[Result "0-1"]
[WhiteElo "2114"]
[BlackElo "2325"]
[PlyCount "94"]
[EventDate "2015.06.28"]
[EventType "swiss"]
[EventRounds "9"]
[EventCountry "POL"]
[SourceTitle "OM OTB B 201907"]
[Source "Opening Master"]
[SourceDate "2019.07.06"]
[SourceVersion "2"]
[SourceVersionDate "2019.07.06"]
[SourceQuality "1"]

1. e4 c5 2. Nf3 Nc6 3. d4 cxd4 4. Nxd4 Nf6 5. Nc3 d6 6. Be2 e5 7. Nf3 h6 8. O-O
Be6 9. Re1 Be7 10. Bf1 Nb8 11. Nd2 a6 12. Nc4 Qc7 13. Ne3 O-O 14. a4 Rc8 15. g3
a5 16. Bg2 Na6 17. Bd2 Nb4 18. f4 Qc5 19. Kh1 Rab8 20. Nf5 Bf8 21. Be3 Qc6 22.
Ba7 Ra8 23. Bg1 d5 24. fxe5 Nxe4 25. Bxe4 dxe4 26. Nd4 Qd7 27. Nxe6 Qxe6 28.
Rxe4 Qc6 29. Qe2 Re8 30. Qg2 Re6 31. Re2 Rae8 32. Rae1 Qd7 33. Bf2 Nc6 34. Qd5
Qc8 35. Qc4 Bb4 36. Kg1 Qb8 37. Kg2 Nxe5 38. Qb5 b6 39. h4 h5 40. Bd4 Qb7+ 41.
Kh3 Qc8 42. Kg2 Qa8+ 43. Kh3 Nf3 44. Rxe6 fxe6 45. Ne4 Bxe1 46. Qd7 Nxd4 47.
Ng5 Qh1# 0-1

[Event "Maribor Pirc Memorial op 19th"]
[Site "Maribor"]
[Date "2015.06.26"]
[Round "2"]
[White "Der Manuelian, Haik O"]
[Black "Murko, David"]
[Result "1/2-1/2"]
[WhiteElo "2161"]
[BlackElo "2009"]
[PlyCount "218"]
[EventDate "2015.06.25"]
[EventType "swiss"]
[EventRounds "9"]
[EventCountry "SLO"]
[SourceTitle "OM OTB B 201907"]
[Source "Opening Master"]
[SourceDate "2019.07.06"]
[SourceVersion "2"]
[SourceVersionDate "2019.07.06"]
[SourceQuality "1"]

1. e4 c5 2. Nf3 d6 3. d4 cxd4 4. Nxd4 Nf6 5. Nc3 Nc6 6. Be2 e5 7. Nf3 h6 8. h3
Be7 9. Be3 Be6 10. Qd2 d5 11. exd5 Nxd5 12. Nxd5 Qxd5 13. O-O Qxd2 14. Nxd2
O-O-O 15. Bc4 Bd5 16. Rfd1 Kc7 17. c3 f5 18. f3 Rd7 19. Kf1 Rhd8 20. Ke2 a6 21.
Bxd5 Rxd5 22. Nc4 Rxd1 23. Rxd1 Rxd1 24. Bb6+ Kd7 25. Kxd1 Ke6 26. Ke2 Nb8 27.
Kd3 Nd7 28. Be3 b5 29. Nd2 Nc5+ 30. Bxc5 Bxc5 31. c4 Kf6 32. cxb5 axb5 33. Nb1
Ke6 34. a3 Kd5 35. Nc3+ Kc6 36. a4 bxa4 37. Nxa4 Ba7 38. Kc4 e4 39. fxe4 fxe4
40. Nc3 e3 41. Kd3 Bc5 42. Nd1 Kd5 43. Nxe3+ Ke5 44. Nf1 g5 45. Ke2 Ke4 46. g3
h5 47. Nd2+ Kf5 48. b3 Bd6 49. Kf2 Bc5+ 50. Kg2 Bb4 51. Nc4 Ke4 52. Nb6 Bc5 53.
Nd7 Be7 54. Kf2 Kd5 55. Kf3 Ke6 56. Nb6 Bc5 57. Nc4 Kf5 58. Ne3+ Ke5 59. Nc2
Kf5 60. Ne3+ Ke5 61. Nd1 Kf5 62. Nf2 Be7 63. Ke3 Bc5+ 64. Ke2 Bd6 65. Kf3 Be7
66. g4+ hxg4+ 67. Nxg4 Bc5 68. Nh2 Be7 69. Nf1 Ke5 70. Ng3 Kd5 71. Kg4 Ke5 72.
Ne2 Ke4 73. Ng1 Kd4 74. Nf3+ Kc3 75. Nxg5 Kxb3 76. Kf5 Kc4 77. h4 Kd5 78. h5
Bf8 79. Kg6 Ke5 80. Nh7 Be7 81. Kf7 Bh4 82. h6 Kf5 83. Nf8 Bf6 84. Ne6 Bh8 85.
h7 Ke5 86. Ng7 Kd6 87. Ne8+ Kd7 88. Nf6+ Kd6 89. Ne4+ Kd7 90. Ng5 Kd6 91. Nh3
Ke5 92. Ng5 Kd6 93. Kf8 Kd7 94. Kf7 Kd6 95. Nf3 Kd5 96. Nh4 Ke4 97. Ke6 Ba1 98.
Ng6 Bb2 99. Nf8 Kf4 100. Nd7 Bh8 101. Kf7 Kg5 102. Nc5 Kh6 103. Kg8 Ba1 104.
Nd3 Bc3 105. Nf2 Bb2 106. Ng4+ Kg6 107. Ne3 Kh6 108. Nf5+ Kg6 109. Ne7+ Kh6
1/2-1/2

[Event "Oslo Sveins Memorial 8th"]
[Site "Oslo"]
[Date "2015.06.23"]
[Round "9"]
[White "Westerinen, Heikki M J"]
[Black "Hillarp Persson, Tiger"]
[Result "0-1"]
[WhiteElo "2300"]
[BlackElo "2552"]
[PlyCount "104"]
[EventDate "2015.06.19"]
[EventType "swiss"]
[EventRounds "9"]
[EventCountry "NOR"]
[SourceTitle "OM OTB B 201907"]
[Source "Opening Master"]
[SourceDate "2019.07.06"]
[SourceVersion "2"]
[SourceVersionDate "2019.07.06"]
[SourceQuality "1"]

1. e4 c5 2. Nf3 d6 3. d4 cxd4 4. Nxd4 Nf6 5. Nc3 Nc6 6. Be2 e5 7. Nb3 Be7 8.
Be3 Be6 9. O-O O-O 10. Qd2 a5 11. Nc1 d5 12. exd5 Nxd5 13. Nxd5 Qxd5 14. Qxd5
Bxd5 15. c3 Rfd8 16. Rd1 Be6 17. Nd3 Bc4 18. b3 Ba6 19. c4 Nd4 20. Bf3 e4 21.
Bxe4 Ne2+ 22. Kh1 Nc3 23. Bd5 Bf6 24. Nf4 Nxd1 25. Rxd1 b5 26. Bb6 bxc4 27.
Bxd8 Rxd8 28. bxc4 Bxc4 29. Re1 Bb5 30. Rb1 Be8 31. Bf3 Kf8 32. Rd1 Rb8 33. Bd5
Ba4 34. Rc1 Bd4 35. g3 Be8 36. Kg2 Rb2 37. Nd3 Rd2 38. Rc8 Ke7 39. Bc4 Bd7 40.
Rb8 g5 41. Rb7 Kd6 42. Rxd7+ Kxd7 43. a4 f5 44. Kf1 Rc2 45. Bb5+ Kd6 46. h3 Kd5
47. f3 h6 48. Bd7 Ra2 49. Ke1 Bc3+ 50. Kf1 Kd4 51. Nf2 Ra1+ 52. Kg2 Be1 0-1

[Event "Class_D_000218"]
[Site "corr FICGS"]
[Date "2015.06.23"]
[Round "1"]
[White "Vollmer, Steve"]
[Black "Jacon, Marcel"]
[Result "0-1"]
[WhiteElo "1511"]
[BlackElo "1588"]
[PlyCount "64"]
[EventDate "2015.??.??"]
[SourceTitle "FICGS pre-2020"]
[Source "Tim Harding"]
[SourceDate "2020.02.15"]
[SourceVersion "3"]
[SourceVersionDate "2020.02.01"]
[SourceQuality "1"]

1. e4 c5 2. Nf3 Nc6 3. d4 cxd4 4. Nxd4 Nf6 5. Nc3 d6 6. Be2 e5 7. Nf3 h6 8. O-O
Be7 9. Be3 Be6 10. Qd2 O-O 11. Rad1 Rc8 12. Bd3 a6 13. a3 b5 14. Rfe1 Na5 15.
Qc1 Ng4 16. h3 Nxe3 17. Qxe3 Qc7 18. Nd5 Bxd5 19. exd5 Nc4 20. Bxc4 bxc4 21. c3
Qb7 22. Re2 f5 23. g3 Bd8 24. Ne1 f4 25. Qe4 fxg3 26. fxg3 Qb3 27. Qc2 Bb6+ 28.
Kg2 e4 29. Qb1 Rce8 30. Nc2 Rf3 31. Nd4 Bxd4 32. Rxe4 Rf2+ 0-1

[Event "Veliko Gradiste Silver Lake op-A"]
[Site "Veliko Gradiste"]
[Date "2015.06.21"]
[Round "2"]
[White "Rajkovic, Mladen"]
[Black "Smith, Bryan G"]
[Result "1-0"]
[WhiteElo "2295"]
[BlackElo "2481"]
[PlyCount "118"]
[EventDate "2015.06.20"]
[EventType "swiss"]
[EventRounds "9"]
[EventCountry "SRB"]
[SourceTitle "OM OTB B 201907"]
[Source "Opening Master"]
[SourceDate "2019.07.06"]
[SourceVersion "2"]
[SourceVersionDate "2019.07.06"]
[SourceQuality "1"]

1. e4 c5 2. Nf3 Nc6 3. d4 cxd4 4. Nxd4 Nf6 5. Nc3 d6 6. Be2 e5 7. Nb3 h6 8. O-O
Be7 9. Be3 O-O 10. h3 a5 11. a4 Nb4 12. f4 Be6 13. Nd2 d5 14. fxe5 d4 15. exf6
Bxf6 16. e5 Be7 17. Bf2 dxc3 18. bxc3 Nc6 19. Nf3 Qc7 20. Bd4 Rfd8 21. Bd3 Rac8
22. Qe2 Nxd4 23. cxd4 Bc4 24. Qe4 Bxd3 25. cxd3 Qd7 26. Rfc1 b6 27. Rc4 Bb4 28.
d5 Rc5 29. Rxc5 bxc5 30. d6 Re8 31. Qd5 Qf5 32. Rf1 Bc3 33. Nd2 Qxe5 34. Qxf7+
Kh7 35. Ne4 Bd4+ 36. Kh1 Rd8 37. Qc7 Ra8 38. Qf7 Rd8 39. Rb1 Qe8 40. Qf5+ Qg6
41. Qxg6+ Kxg6 42. Rb5 Ra8 43. Nxc5 Bxc5 44. Rxc5 Rd8 45. Rd5 Kf6 46. d4 Ke6
47. Rxa5 Rxd6 48. d5+ Ke5 49. Kh2 Kd4 50. Kg3 g5 51. Kg4 Ke4 52. Rb5 Ke5 53. a5
Ke4 54. Rb1 Ra6 55. Rd1 Rxa5 56. d6 Ra8 57. d7 Rd8 58. Kh5 Kf5 59. Kxh6 Ra8 1-0

[Event "Albena op-A"]
[Site "Albena"]
[Date "2015.06.18"]
[Round "2"]
[White "Zharokov, Kaisar"]
[Black "Dukaczewski, Piotr"]
[Result "0-1"]
[WhiteElo "2115"]
[BlackElo "2293"]
[PlyCount "72"]
[EventDate "2015.06.17"]
[EventType "swiss"]
[EventRounds "9"]
[EventCountry "BUL"]
[SourceTitle "OM OTB B 201907"]
[Source "Opening Master"]
[SourceDate "2019.07.06"]
[SourceVersion "2"]
[SourceVersionDate "2019.07.06"]
[SourceQuality "1"]

1. e4 c5 2. Nf3 Nc6 3. d4 cxd4 4. Nxd4 Nf6 5. Nc3 d6 6. Be2 e5 7. Nb3 Be7 8.
O-O O-O 9. Be3 a5 10. Nd2 d5 11. exd5 Nxd5 12. Nxd5 Qxd5 13. Nc4 Qxd1 14. Raxd1
Be6 15. c3 f5 16. f3 Rab8 17. Bb6 Bd8 18. Bc5 Rf6 19. Bd6 Rc8 20. Nxe5 Bxa2 21.
f4 Bb6+ 22. Kh1 Nd4 23. cxd4 Rxd6 24. Nf3 Rc2 25. Bd3 Rxb2 26. Bxf5 Bd5 27. h3
a4 28. Rc1 a3 29. Rc8+ Rd8 30. Rc3 a2 31. Ra3 g6 32. Bd3 Bxd4 33. f5 Rb3 34.
Rxb3 Bxb3 35. Nxd4 Rxd4 36. Bb5 gxf5 0-1

[Event "FICS rated standard game"]
[Site "FICS freechess.org"]
[Date "2015.06.18"]
[Round "?"]
[White "zhengqjf"]
[Black "MrBuzzino"]
[Result "0-1"]
[WhiteElo "2111"]
[BlackElo "2127"]
[PlyCount "36"]
[EventDate "2015.??.??"]

1. e4 c5 2. Nf3 d6 3. d4 cxd4 4. Nxd4 Nf6 5. Nc3 Nc6 6. Be2 e5 7. Nf3 h6 8. O-O
Be7 9. Re1 Be6 10. Bf1 O-O 11. h3 Re8 12. Nd5 Qa5 13. Bd2 Qd8 14. Nxe7+ Qxe7
15. c4 Nd7 16. Bc3 Nb6 17. b3 Nd7 18. b4 Rac8 0-1

[Event "Palanga op"]
[Site "Palanga"]
[Date "2015.06.16"]
[Round "3"]
[White "Limanovska, Elizabete"]
[Black "Malinin, Yuri"]
[Result "1/2-1/2"]
[WhiteElo "1978"]
[BlackElo "2233"]
[PlyCount "55"]
[EventDate "2015.06.15"]
[EventType "swiss"]
[EventRounds "9"]
[EventCountry "LTU"]
[SourceTitle "OM OTB B 201907"]
[Source "Opening Master"]
[SourceDate "2019.07.06"]
[SourceVersion "2"]
[SourceVersionDate "2019.07.06"]
[SourceQuality "1"]

1. e4 c5 2. Nf3 d6 3. d4 cxd4 4. Nxd4 Nf6 5. Nc3 Nc6 6. Be2 e5 7. Nb3 Be7 8.
Be3 O-O 9. O-O a5 10. Kh1 a4 11. Nd2 a3 12. bxa3 Rxa3 13. Nb5 Ra5 14. a4 d5 15.
Nb3 Ra8 16. exd5 Nxd5 17. Bc5 Be6 18. Bf3 f5 19. c4 Ndb4 20. Qxd8 Raxd8 21. Be2
Bc8 22. Bxe7 Nxe7 23. Rad1 Nec6 24. Nd6 Nd4 25. Nxc8 Nxe2 26. Ne7+ Kf7 27. Nxf5
Nd3 28. Rd2 1/2-1/2

[Event "Teplice op 10th"]
[Site "Teplice"]
[Date "2015.06.15"]
[Round "3"]
[White "Plat, Vojtech"]
[Black "Cukrowski, Filip"]
[Result "1/2-1/2"]
[WhiteElo "2454"]
[BlackElo "2324"]
[PlyCount "61"]
[EventDate "2015.06.13"]
[EventType "swiss"]
[EventRounds "9"]
[EventCountry "CZE"]
[SourceTitle "OM OTB B 201907"]
[Source "Opening Master"]
[SourceDate "2019.07.06"]
[SourceVersion "2"]
[SourceVersionDate "2019.07.06"]
[SourceQuality "1"]

1. e4 c5 2. Nf3 Nc6 3. d4 cxd4 4. Nxd4 Nf6 5. Nc3 d6 6. Be2 e5 7. Nb3 Be7 8.
O-O O-O 9. Kh1 Be6 10. f4 exf4 11. Bxf4 d5 12. exd5 Nxd5 13. Nxd5 Qxd5 14. Qxd5
Bxd5 15. Rad1 Rad8 16. c3 Rfe8 17. Bc7 Rd7 18. Bg3 Red8 19. Kg1 Bg5 20. Bg4 Be6
21. Rxd7 Bxd7 22. Bxd7 Rxd7 23. Re1 h6 24. Bf2 Bf6 25. Nd4 Rd8 26. Kf1 b6 27.
Nb3 Be5 28. h3 f6 29. Ke2 Kf7 30. Rd1 Rxd1 31. Kxd1 1/2-1/2

[Event "Risaralda op"]
[Site "Risaralda"]
[Date "2015.06.13"]
[Round "2"]
[White "Bravo, Juan Eduardo"]
[Black "Guzman, River"]
[Result "1/2-1/2"]
[WhiteElo "1720"]
[BlackElo "1941"]
[PlyCount "92"]
[EventDate "2015.06.12"]
[EventType "swiss"]
[EventRounds "7"]
[EventCountry "COL"]
[SourceTitle "OM OTB B 201907"]
[Source "Opening Master"]
[SourceDate "2019.07.06"]
[SourceVersion "2"]
[SourceVersionDate "2019.07.06"]
[SourceQuality "1"]

1. e4 c5 2. Nf3 Nc6 3. d4 cxd4 4. Nxd4 Nf6 5. Nc3 d6 6. Be2 e5 7. Nb3 Be6 8.
O-O Be7 9. Kh1 a5 10. Bg5 a4 11. Nd2 d5 12. Bxf6 gxf6 13. exd5 Bxd5 14. Bc4
Bxc4 15. Nxc4 Nd4 16. Ne3 h5 17. Ncd5 Ra5 18. Nxe7 Qxe7 19. c3 Ne6 20. Qf3 Ng5
21. Qf5 Qe6 22. Rad1 Qxf5 23. Nxf5 O-O 24. f4 Ne6 25. fxe5 fxe5 26. Rd7 Nd8 27.
Rfd1 Ra8 28. h4 Rb8 29. Nd6 Kg7 30. Rd5 Kf6 31. Nc4 Nc6 32. Nb6 Rfd8 33. Rxd8
Rxd8 34. Rxd8 Nxd8 35. Nxa4 Kf5 36. g3 Ke4 37. Kg2 Ke3 38. Nc5 e4 39. a4 f5 40.
a5 Kd2 41. Nb3+ Kc2 42. Nd4+ Kxb2 43. Nxf5 Kxc3 44. Kf2 Kd3 45. Ne3 Nc6 46. g4
Nxa5 1/2-1/2

[Event "Prishtina op"]
[Site "Prishtina"]
[Date "2015.06.13"]
[Round "1"]
[White "Semsiu, Agim"]
[Black "Rusev, Krasimir"]
[Result "0-1"]
[WhiteElo "2038"]
[BlackElo "2541"]
[PlyCount "32"]
[EventDate "2015.06.13"]
[EventType "swiss"]
[EventRounds "9"]
[EventCountry "KOS"]
[SourceTitle "OM OTB B 201907"]
[Source "Opening Master"]
[SourceDate "2019.07.06"]
[SourceVersion "2"]
[SourceVersionDate "2019.07.06"]
[SourceQuality "1"]

1. e4 c5 2. Nf3 d6 3. d4 Nf6 4. Nc3 cxd4 5. Nxd4 Nc6 6. Be2 e5 7. Nb3 Be7 8.
O-O O-O 9. f4 a5 10. Be3 a4 11. Nc1 exf4 12. Rxf4 Ne5 13. Nd3 Be6 14. Nxe5 dxe5
15. Qxd8 Rfxd8 16. Rff1 a3 0-1

[Event "Ortega op 5th"]
[Site "Ortega"]
[Date "2015.06.12"]
[Round "2"]
[White "Ortega, Rosendo"]
[Black "Dominguez Rincon, Miller"]
[Result "0-1"]
[WhiteElo "1567"]
[BlackElo "2089"]
[PlyCount "82"]
[EventDate "2015.06.12"]
[EventType "swiss"]
[EventRounds "7"]
[EventCountry "COL"]
[SourceTitle "OM OTB B 201907"]
[Source "Opening Master"]
[SourceDate "2019.07.06"]
[SourceVersion "2"]
[SourceVersionDate "2019.07.06"]
[SourceQuality "1"]

1. e4 c5 2. Nf3 d6 3. d4 cxd4 4. Nxd4 Nf6 5. Nc3 Nc6 6. Be2 e5 7. Nf3 Be7 8. h3
O-O 9. Be3 a6 10. Nd2 b5 11. O-O Be6 12. f4 exf4 13. Rxf4 Nd7 14. Nd5 Bxd5 15.
exd5 Nce5 16. Ne4 f5 17. Nf2 Bg5 18. Qd4 Rc8 19. c3 Nc4 20. Bxc4 Rxc4 21. Qd2
Bxf4 22. Bxf4 Ne5 23. b3 Rc7 24. Re1 Re8 25. Nd1 Rce7 26. Ne3 h6 27. Bxe5 Rxe5
28. Nc2 Qe7 29. Rf1 Re2 30. Qd3 Qe4 31. Qxe4 fxe4 32. Nd4 Rxa2 33. Nf5 e3 34.
Nxd6 Rd8 35. Nf5 e2 36. Re1 Kf7 37. Ne3 a5 38. c4 a4 39. c5 axb3 40. c6 b2 41.
c7 Rc8 0-1

[Event "Benidorm Ciegos-ch 15th"]
[Site "Benidorm"]
[Date "2015.06.10"]
[Round "4"]
[White "Escalante Ortega, Fernando"]
[Black "Lopez Perez, Angel Luis"]
[Result "1-0"]
[WhiteElo "1804"]
[BlackElo "1731"]
[PlyCount "145"]
[EventDate "2015.06.07"]
[EventType "swiss"]
[EventRounds "7"]
[EventCountry "ESP"]
[SourceTitle "OM OTB B 201907"]
[Source "Opening Master"]
[SourceDate "2019.07.06"]
[SourceVersion "2"]
[SourceVersionDate "2019.07.06"]
[SourceQuality "1"]

1. e4 c5 2. Nf3 d6 3. d4 cxd4 4. Nxd4 Nf6 5. Nc3 Nc6 6. Be2 e5 7. Nb3 Be6 8.
Bg5 Be7 9. Qd2 a6 10. Rd1 Qc7 11. Bxf6 gxf6 12. Nd5 Bxd5 13. exd5 Nb8 14. Bd3
h6 15. h4 Nd7 16. Rh3 Bf8 17. Bf5 Rc8 18. Rc3 Qd8 19. Na5 Rc7 20. h5 Ke7 21.
Nb3 Rg8 22. g4 Bg7 23. Qe3 Re8 24. Rxc7 Qxc7 25. Rd3 Rc8 26. Rc3 Qd8 27. Rxc8
Qxc8 28. Qd3 Qc7 29. Kd2 Nc5 30. Qc3 Nxb3+ 31. axb3 Qxc3+ 32. bxc3 Kd8 33. Kd3
Kc7 34. Kc4 Bf8 35. Kb4 Kb6 36. Bd7 Be7 37. f3 Bd8 38. Kc4 Kc7 39. Bf5 Be7 40.
Kd3 Kd8 41. Ke4 b6 42. Kd3 Bf8 43. Ke3 Be7 44. Bd3 a5 45. Bb5 Bf8 46. Ke4 Ke7
47. Kf5 Bg7 48. b4 axb4 49. cxb4 Bh8 50. c3 Bg7 51. Ba4 Kd8 52. Ke4 Kc7 53. Bc2
Kd8 54. Ke3 Kc7 55. Bh7 Kd8 56. Kd3 b5 57. Ke3 Kc7 58. Bd3 Kb6 59. Bf5 Kc7 60.
Ke4 Bh8 61. Bh7 Kb7 62. Kd3 Kc7 63. c4 bxc4+ 64. Kxc4 Kb6 65. Bf5 Bg7 66. Bd7
Bh8 67. Be6 fxe6 68. dxe6 Kc7 69. b5 Bg7 70. b6+ Kxb6 71. e7 f5 72. gxf5 Bf6
73. e8=Q 1-0